[Event "M.Chigorin Memorial 2014"]
[Site "St. Petersburg"]
[Date "2014.10.25"]
[Round "8.1"]
[White "Rodshtein, Maxim"]
[Black "Ivanisevic, Ivan"]
[Result "1/2-1/2"]
[WhiteElo "2678"]
[BlackElo "2623"]
[PlyCount "75"]
[EventDate "2014.10.18"]
[EventType "swiss"]
[EventCountry "RUS"]

1. d4 Nf6 2. c4 c5 3. d5 g6 4. Nc3 Bg7 5. e4 O-O 6. Bd3 e6 7. h3 exd5 8. exd5
a6 9. a4 d6 10. Nf3 Re8+ 11. Be3 a5 12. O-O Na6 13. Rc1 Nb4 14. Bb1 Bd7 15. Re1
Re7 16. Qd2 Qf8 17. Bg5 Rxe1+ 18. Rxe1 h6 19. Bf4 Re8 20. g4 Rxe1+ 21. Qxe1 Qc8
22. Qe3 h5 23. g5 Ne8 24. h4 Bf8 25. Nd2 Bf5 26. Nce4 Bxe4 27. Nxe4 Qg4+ 28.
Ng3 Qxh4 29. Kg2 Qg4 30. Bxg6 fxg6 31. Qxe8 Qxf4 32. Qxg6+ Kh8 33. Qxh5+ Kg8
34. Qg6+ Kh8 35. Qh5+ Kg8 36. Qg6+ Kh8 37. Qh5+ Kg8 38. Qg6+ 1/2-1/2

[Event "M.Chigorin Memorial 2014"]
[Site "St. Petersburg"]
[Date "2014.10.25"]
[Round "8.2"]
[White "Bukavshin, Ivan"]
[Black "Predke, Alexandr"]
[Result "1-0"]
[WhiteElo "2616"]
[BlackElo "2511"]
[PlyCount "106"]
[EventDate "2014.10.18"]
[EventType "swiss"]
[EventCountry "RUS"]

1. d4 d5 2. Nf3 Nf6 3. c4 dxc4 4. e3 e6 5. Bxc4 a6 6. O-O c5 7. Nc3 b5 8. Be2
Nbd7 9. d5 exd5 10. Nxd5 Bb7 11. Nxf6+ Qxf6 12. a4 b4 13. e4 h6 14. Ra2 Bd6 15.
b3 Ne5 16. Nd2 Nc6 17. Bb2 Nd4 18. Bxd4 cxd4 19. Bd3 O-O 20. g3 Rfe8 21. Rc2
Rac8 22. Rxc8 Rxc8 23. Nc4 Re8 24. Re1 Bc7 25. Nd2 g5 26. Qh5 Kg7 27. Rc1 Bd6
28. Qe2 Bb8 29. Rc4 Qd6 30. Qg4 a5 31. h4 Ba6 32. hxg5 h5 33. Qxh5 Rh8 34. Qf3
Bxc4 35. Nxc4 Qg6 36. Qf6+ Qxf6 37. gxf6+ Kxf6 38. Nxa5 Rc8 39. Nc4 Bc7 40. Kg2
Ke6 41. f4 f6 42. Nb2 Kd6 43. Kf3 Rh8 44. Bc4 Rh2 45. Nd3 Ba5 46. e5+ fxe5 47.
Nxe5 Rh1 48. Ke4 Re1+ 49. Kf5 Bd8 50. g4 Bc7 51. g5 Ke7 52. Nc6+ Kf8 53. Nxd4
Rg1 1-0

[Event "M.Chigorin Memorial 2014"]
[Site "St. Petersburg"]
[Date "2014.10.25"]
[Round "8.3"]
[White "Demchenko, Anton"]
[Black "Alekseev, Evgeny"]
[Result "0-1"]
[WhiteElo "2588"]
[BlackElo "2682"]
[PlyCount "98"]
[EventDate "2014.10.18"]
[EventType "swiss"]
[EventCountry "RUS"]

1. Nf3 c5 2. e4 d6 3. d4 cxd4 4. Nxd4 Nf6 5. Nc3 a6 6. f3 e5 7. Nb3 Be6 8. Be3
Nbd7 9. Qd2 Be7 10. g4 O-O 11. O-O-O Qc7 12. g5 Nh5 13. Kb1 b5 14. Nd5 Bxd5 15.
exd5 Nb6 16. Rg1 g6 17. Na5 Nxd5 18. Qxd5 Qxa5 19. c4 Rab8 20. Bd3 Rfe8 21.
cxb5 axb5 22. Bc4 Rf8 23. Rc1 Ng7 24. Bb3 Nf5 25. Bf2 Bd8 26. Bc2 b4 27. Qb3
Ng7 28. f4 exf4 29. Rcd1 Bb6 30. Qf3 Bxf2 31. Qxf2 Ne6 32. Rxd6 Qe5 33. Rdd1
Nxg5 34. Rge1 Qf6 35. h4 Ne6 36. h5 Rfd8 37. h6 Qg5 38. Bb3 Rxd1+ 39. Rxd1 Qxh6
40. Qa7 Re8 41. Qb6 Qf8 42. Rd7 Ng5 43. Bc4 Ne6 44. Bb3 f3 45. Rd1 Qc5 46. Qb7
f2 47. Qf3 Ng5 48. Qh1 Qf5+ 49. Bc2 Qf4 0-1

[Event "M.Chigorin Memorial 2014"]
[Site "St. Petersburg"]
[Date "2014.10.25"]
[Round "8.4"]
[White "Khismatullin, Denis"]
[Black "Yemelin, Vasily"]
[Result "0-1"]
[WhiteElo "2681"]
[BlackElo "2568"]
[PlyCount "66"]
[EventDate "2014.10.18"]
[EventType "swiss"]
[EventCountry "RUS"]

1. d4 Nf6 2. c4 e6 3. Nf3 b6 4. a3 c5 5. d5 Ba6 6. Qc2 exd5 7. cxd5 g6 8. Nc3
Bg7 9. Bf4 d6 10. h4 h5 11. e4 Bxf1 12. Kxf1 O-O 13. Nd2 a6 14. a4 Ng4 15. Nc4
Bd4 16. f3 Ne5 17. Ne3 Nbd7 18. Rd1 b5 19. axb5 axb5 20. Nxb5 Qb6 21. Na3 Rfb8
22. Qe2 Bxe3 23. Bxe3 Qxb2 24. Bc1 Qxe2+ 25. Kxe2 Ra4 26. Rh3 Rb3 27. Rd2 c4
28. Rc2 Raxa3 29. Bxa3 Rxa3 30. f4 Nd3 31. Rf3 Nb6 32. Kd2 Ra1 33. g3 Ne1 0-1

[Event "M.Chigorin Memorial 2014"]
[Site "St. Petersburg"]
[Date "2014.10.25"]
[Round "8.5"]
[White "Sjugirov, Sanan"]
[Black "Aleksandrov, Aleksej"]
[Result "1-0"]
[WhiteElo "2664"]
[BlackElo "2583"]
[PlyCount "69"]
[EventDate "2014.10.18"]
[EventType "swiss"]
[EventCountry "RUS"]

1. d4 d5 2. c4 e6 3. Nf3 Nf6 4. g3 Bb4+ 5. Bd2 Be7 6. Bg2 c6 7. O-O O-O 8. Bf4
b6 9. Nc3 Bb7 10. Rc1 Nbd7 11. cxd5 cxd5 12. Nb5 Ne4 13. Rc7 Ba6 14. Qa4 Nb8
15. Rfc1 g5 16. Be3 f5 17. Ne5 Bf6 18. Bxe4 dxe4 19. Qb4 Qd5 20. Nc3 Qd8 21.
Nb5 Qd5 22. a4 h6 23. h4 Bxb5 24. Qxb5 Qxb5 25. axb5 a6 26. hxg5 hxg5 27. Ra1
a5 28. Nc4 a4 29. Rb7 f4 30. gxf4 gxf4 31. Bxf4 Bxd4 32. e3 e5 33. Bg3 Bc5 34.
Bxe5 Rc8 35. Kh2 1-0

[Event "M.Chigorin Memorial 2014"]
[Site "St. Petersburg"]
[Date "2014.10.25"]
[Round "8.6"]
[White "Kokarev, Dmitry"]
[Black "Kazhgaleyev, Murtas"]
[Result "1/2-1/2"]
[WhiteElo "2626"]
[BlackElo "2566"]
[PlyCount "81"]
[EventDate "2014.10.18"]
[EventType "swiss"]
[EventCountry "RUS"]

1. e4 e5 2. Nf3 Nc6 3. Bb5 a6 4. Ba4 Nf6 5. O-O Be7 6. Re1 b5 7. Bb3 O-O 8. c3
d5 9. exd5 Nxd5 10. Nxe5 Nxe5 11. Rxe5 Bb7 12. d3 Bf6 13. Re1 b4 14. cxb4 Nxb4
15. Bc4 Qd6 16. Nc3 Rad8 17. Ne4 Bxe4 18. Rxe4 Nxd3 19. Bxd3 Qxd3 20. Qxd3 Rxd3
21. Kf1 Rb8 22. Rb1 h5 23. b3 Rbd8 24. Be3 Rc3 25. Rc4 Rxc4 26. bxc4 Rd3 27.
Rb3 Rxb3 28. axb3 Kf8 29. Ke2 Ke7 30. h3 Ke6 31. g4 hxg4 32. hxg4 Be7 33. Kd3
g6 34. Ke4 c6 35. f3 Bd6 36. Bd2 Be7 37. Be3 Bd6 38. Bd2 Be7 39. Be3 Bd6 40.
Bd2 Be7 41. Be3 1/2-1/2

[Event "M.Chigorin Memorial 2014"]
[Site "St. Petersburg"]
[Date "2014.10.25"]
[Round "8.7"]
[White "Andriasian, Zaven"]
[Black "Lintchevski, Daniil"]
[Result "1/2-1/2"]
[WhiteElo "2622"]
[BlackElo "2555"]
[PlyCount "70"]
[EventDate "2014.10.18"]
[EventType "swiss"]
[EventCountry "RUS"]

1. e4 c5 2. Nf3 e6 3. g3 Nc6 4. Bg2 Nf6 5. Qe2 d5 6. d3 Be7 7. O-O b6 8. Bf4
Ba6 9. c4 O-O 10. e5 Ne8 11. h4 Nc7 12. Nbd2 b5 13. Rfd1 Rb8 14. b3 Re8 15. Nf1
Bf8 16. Ne3 Nd4 17. Nxd4 cxd4 18. Nc2 bxc4 19. dxc4 dxc4 20. Nxd4 Nd5 21. Nc6
Nxf4 22. gxf4 Qxh4 23. Nxb8 Rxb8 24. Qe3 Rc8 25. Qg3 Qxg3 26. fxg3 c3 27. Rac1
c2 28. Rd2 Bc5+ 29. Kh2 Be3 30. Rcxc2 Bxd2 31. Rxd2 g6 32. Rd6 Be2 33. Rd2 Ba6
34. Rd6 Be2 35. Rd2 Ba6 1/2-1/2

[Event "M.Chigorin Memorial 2014"]
[Site "St. Petersburg"]
[Date "2014.10.25"]
[Round "8.8"]
[White "Gabrielian, Artur"]
[Black "Ponkratov, Pavel"]
[Result "0-1"]
[WhiteElo "2557"]
[BlackElo "2617"]
[PlyCount "82"]
[EventDate "2014.10.18"]
[EventType "swiss"]
[EventCountry "RUS"]

1. Nf3 d5 2. g3 Nf6 3. Bg2 g6 4. O-O Bg7 5. d4 O-O 6. c4 dxc4 7. Na3 c3 8. bxc3
c5 9. e3 Nc6 10. Qe2 Qa5 11. Bb2 Ne4 12. Rfc1 Be6 13. Ne1 f5 14. Nd3 b6 15. Nf4
Bf7 16. d5 Ne5 17. f3 Nd6 18. c4 g5 19. Nh3 Nd3 20. Bxg7 Nxc1 21. Rxc1 Kxg7 22.
Qb2+ Kg6 23. Nb1 Qb4 24. Qe2 e5 25. Nf2 Rae8 26. Nd3 Qa4 27. e4 Kg7 28. exf5
Nxf5 29. Qd2 Bg6 30. Rc3 Nd4 31. Ra3 Qc2 32. Rxa7+ Rf7 33. Rxf7+ Kxf7 34. Qxc2
Nxc2 35. Nf2 Ne3 36. Nc3 Nxc4 37. Bf1 Nd6 38. Nfe4 Bxe4 39. fxe4 Ke7 40. Be2
Ra8 41. a4 b5 0-1

[Event "M.Chigorin Memorial 2014"]
[Site "St. Petersburg"]
[Date "2014.10.25"]
[Round "8.9"]
[White "Alekseenko, Kirill"]
[Black "Ganguly, Surya Shekhar"]
[Result "1/2-1/2"]
[WhiteElo "2483"]
[BlackElo "2613"]
[PlyCount "89"]
[EventDate "2014.10.18"]
[EventType "swiss"]
[EventCountry "RUS"]

1. e4 c5 2. Nf3 d6 3. d4 cxd4 4. Nxd4 Nf6 5. Nc3 a6 6. Be2 e5 7. Nb3 Be7 8. O-O
O-O 9. Kh1 b6 10. Bg5 Nbd7 11. a4 Bb7 12. f3 d5 13. exd5 Nxd5 14. Bxe7 Nxe7 15.
Qd6 Nf5 16. Qd3 g6 17. Ne4 Bc6 18. Nd6 Nxd6 19. Qxd6 Nc5 20. Rfd1 Qxd6 21. Rxd6
Rfc8 22. Nxc5 bxc5 23. a5 Kf8 24. Bc4 Ke7 25. Rad1 Rc7 26. Kg1 h5 27. h4 Rb8
28. b3 Bb5 29. Bxb5 Rxb5 30. Rxa6 c4 31. bxc4 Rxc4 32. Ra7+ Ke6 33. Rdd7 f6 34.
Rd2 Rb1+ 35. Kh2 Rxh4+ 36. Kg3 Rd4 37. Ra6+ Ke7 38. Rxd4 exd4 39. Rc6 Ra1 40.
a6 g5 41. Kf2 Ra3 42. Ke2 g4 43. fxg4 hxg4 44. Kd2 f5 45. Rb6 1/2-1/2

[Event "M.Chigorin Memorial 2014"]
[Site "St. Petersburg"]
[Date "2014.10.25"]
[Round "8.10"]
[White "Sethuraman, S.P."]
[Black "Lalith, Babu M.R"]
[Result "1-0"]
[WhiteElo "2613"]
[BlackElo "2547"]
[PlyCount "91"]
[EventDate "2014.10.18"]
[EventType "swiss"]
[EventCountry "RUS"]

1. e4 g6 2. d4 Bg7 3. Nc3 c6 4. f4 d5 5. e5 Nh6 6. Nf3 Bg4 7. Be3 Qb6 8. Rb1 f6
9. Be2 Nd7 10. O-O Bxf3 11. Rxf3 Ng4 12. e6 Nf8 13. f5 gxf5 14. Na4 Nxe3 15.
Nxb6 Nxd1 16. Nxa8 Nxe6 17. Rxd1 Kf7 18. Re3 Nf4 19. Nc7 e5 20. Bf1 Rc8 21.
dxe5 Rxc7 22. exf6 Bxf6 23. Rf3 Ng6 24. c3 Re7 25. Rxf5 Kg7 26. g3 b5 27. Rd2
a5 28. Rdf2 Be5 29. Kg2 b4 30. c4 Bd4 31. Rc2 dxc4 32. Bxc4 Ne5 33. Re2 Bxb2
34. h4 h6 35. Bb3 Bd4 36. g4 c5 37. Re4 Kg6 38. h5+ Kg7 39. Kg3 Kh7 40. Bc2 Kg7
41. Kf4 Nc6 42. Bb3 Rc7 43. g5 hxg5+ 44. Rxg5+ Kh7 45. Bc2 Rf7+ 46. Kg4 1-0

[Event "M.Chigorin Memorial 2014"]
[Site "St. Petersburg"]
[Date "2014.10.25"]
[Round "8.11"]
[White "Potkin, Vladimir"]
[Black "Stupak, Kirill"]
[Result "1/2-1/2"]
[WhiteElo "2610"]
[BlackElo "2545"]
[PlyCount "89"]
[EventDate "2014.10.18"]
[EventType "swiss"]
[EventCountry "RUS"]

1. c4 Nf6 2. Nc3 c5 3. Nf3 d5 4. cxd5 Nxd5 5. e3 e6 6. d4 Nc6 7. Bb5 cxd4 8.
exd4 Qa5 9. Qb3 Bb4 10. Bd2 Nxc3 11. Bxc6+ bxc6 12. bxc3 Bd6 13. c4 Qa6 14. O-O
c5 15. dxc5 Bxc5 16. Bb4 Qb6 17. Bxc5 Qxc5 18. Qb5+ Qxb5 19. cxb5 Bd7 20. a4
Ke7 21. Ne5 Rhc8 22. Nxd7 Kxd7 23. Rfd1+ Ke7 24. g3 Rc4 25. Rdb1 Kd6 26. Kg2 h5
27. h4 g6 28. Rb3 Rb8 29. a5 e5 30. Rd1+ Ke6 31. b6 axb6 32. axb6 Rb7 33. Rb5
Rc6 34. Rdb1 Kd6 35. Kf3 Ke6 36. R1b3 f5 37. Ke3 Rd6 38. Rb2 Kf6 39. Rb1 Ke6
40. R1b3 Kf6 41. Ke2 Ke6 42. Re3 Rbxb6 43. Rexe5+ Kf6 44. Rxb6 Rxb6 45. Ra5
1/2-1/2

[Event "M.Chigorin Memorial 2014"]
[Site "St. Petersburg"]
[Date "2014.10.25"]
[Round "8.12"]
[White "Popov, Valerij"]
[Black "Goganov, Aleksey"]
[Result "1/2-1/2"]
[WhiteElo "2546"]
[BlackElo "2608"]
[PlyCount "69"]
[EventDate "2014.10.18"]
[EventType "swiss"]
[EventCountry "RUS"]

1. c4 c5 2. Nf3 Nc6 3. Nc3 g6 4. e3 Nf6 5. d4 cxd4 6. exd4 d5 7. cxd5 Nxd5 8.
Qb3 e6 9. Bb5 Bg7 10. O-O O-O 11. Nxd5 Qxd5 12. Qxd5 exd5 13. Bxc6 bxc6 14. Bf4
f6 15. Rfe1 Bd7 16. Nd2 Rfe8 17. Bd6 Kf7 18. Nb3 Rxe1+ 19. Rxe1 Re8 20. Rxe8
Kxe8 21. Bc5 a6 22. Bb4 Bh6 23. Kf1 Bf4 24. g3 Bc7 25. Ke2 g5 26. Nc5 Bc8 27.
Bd2 Kf7 28. f3 h5 29. a3 Kg6 30. Nd3 Bd6 31. Bb4 Bc7 32. Bd2 Bd6 33. Bb4 Bc7
34. Bd2 Bd6 35. Bb4 1/2-1/2

[Event "M.Chigorin Memorial 2014"]
[Site "St. Petersburg"]
[Date "2014.10.25"]
[Round "8.13"]
[White "Levin, Evgeny A"]
[Black "Wen, Yang"]
[Result "1-0"]
[WhiteElo "2507"]
[BlackElo "2601"]
[PlyCount "81"]
[EventDate "2014.10.18"]
[EventType "swiss"]
[EventCountry "RUS"]

1. d4 Nf6 2. c4 g6 3. Nc3 Bg7 4. e4 d6 5. Be2 O-O 6. Bg5 h6 7. Be3 e5 8. d5 Na6
9. h4 Nc5 10. Qc2 h5 11. Nh3 a5 12. f3 Bd7 13. Nf2 c6 14. Qd2 cxd5 15. cxd5 a4
16. Rc1 Qe7 17. Bb5 Rfc8 18. Qe2 Qf8 19. g4 hxg4 20. fxg4 Bxb5 21. Qxb5 Qd8 22.
Bg5 Ra6 23. h5 Rb6 24. Qe2 Qd7 25. Be3 a3 26. b3 Rb4 27. Bd2 Rd4 28. Be3 Rb4
29. Bd2 Rd4 30. Be3 Nh7 31. O-O Rb4 32. Bd2 Rd4 33. Be3 Rb4 34. Bd2 Rb6 35. Be3
Ra6 36. b4 Na4 37. Qb5 Qxb5 38. Nxb5 Rf8 39. Nc7 gxh5 40. gxh5 f5 41. h6 1-0

[Event "M.Chigorin Memorial 2014"]
[Site "St. Petersburg"]
[Date "2014.10.25"]
[Round "8.14"]
[White "Khairullin, Ildar"]
[Black "Pridorozhni, Aleksei"]
[Result "1/2-1/2"]
[WhiteElo "2643"]
[BlackElo "2514"]
[PlyCount "116"]
[EventDate "2014.10.18"]
[EventCountry "RUS"]

1. d4 e6 2. Nf3 b6 3. e4 Bb7 4. Bd3 d5 5. exd5 Qxd5 6. O-O Nf6 7. Nc3 Qd8 8.
Qe2 Be7 9. Bb5+ c6 10. Bc4 O-O 11. Bf4 Nd5 12. Nxd5 cxd5 13. Bd3 a5 14. Ne5 Nc6
15. c3 Bd6 16. Qh5 g6 17. Nxg6 fxg6 18. Bxg6 hxg6 19. Qxg6+ Kh8 20. Qh6+ Kg8
21. Qxe6+ Kh8 22. Qh6+ Kg8 23. Qe6+ Rf7 24. Bxd6 Qf6 25. Qxf6 Rxf6 26. Bc7 b5
27. Rfe1 b4 28. Re3 bxc3 29. bxc3 a4 30. a3 Rc8 31. Bb6 Ba6 32. Bc5 Rb8 33.
Rae1 Kf7 34. f3 Rh6 35. h3 Rb2 36. f4 Rd2 37. Rb1 Rf6 38. Rb6 Bc4 39. Rb7+ Kg6
40. Rg3+ Kf5 41. Rbg7 Be2 42. R3g5+ Ke4 43. R5g6 Rxg6 44. Rxg6 Na5 45. Re6+
Kxf4 46. Bd6+ Kf5 47. Re5+ Kf6 48. Rxd5 Nc4 49. Bc5 Bd3 50. Rd8 Be4 51. Rf8+
Ke6 52. Rf2 Rd3 53. Bb4 Ne3 54. Kh2 Nd5 55. Re2 Kf5 56. Rf2+ Kg6 57. Re2 Bf5
58. Bc5 Nxc3 {...} 1/2-1/2

[Event "M.Chigorin Memorial 2014"]
[Site "St. Petersburg"]
[Date "2014.10.25"]
[Round "8.15"]
[White "Gordievsky, Dmitry"]
[Black "Matlakov, Maxim"]
[Result "0-1"]
[WhiteElo "2455"]
[BlackElo "2692"]
[PlyCount "58"]
[EventDate "2014.10.18"]
[EventType "swiss"]
[EventCountry "RUS"]

1. e4 c5 2. Nf3 d6 3. Bb5+ Nd7 4. O-O a6 5. Bd3 Ngf6 6. Re1 b5 7. a4 b4 8. c3
Bb7 9. Bc2 Qc7 10. a5 e6 11. d3 bxc3 12. bxc3 Be7 13. Nbd2 O-O 14. Nf1 Rfc8 15.
Qe2 Rab8 16. N3d2 Ba8 17. Nc4 d5 18. Ncd2 dxe4 19. dxe4 c4 20. Ne3 Ne5 21. Rf1
Rb5 22. Ra4 Rxa5 23. Rxa5 Qxa5 24. Bb2 h6 25. f4 Qb6 26. fxe5 Ng4 27. Ndxc4
Rxc4 28. Bc1 Rxc3 29. Qf3 Nxe3 0-1

[Event "M.Chigorin Memorial 2014"]
[Site "St. Petersburg"]
[Date "2014.10.25"]
[Round "8.16"]
[White "Tsydypov, Zhamsaran"]
[Black "Grachev, Boris"]
[Result "0-1"]
[WhiteElo "2406"]
[BlackElo "2673"]
[PlyCount "80"]
[EventDate "2014.10.18"]
[EventType "swiss"]
[EventCountry "RUS"]

1. e4 c5 2. Nf3 e6 3. d4 cxd4 4. Nxd4 Nc6 5. Nc3 a6 6. Be3 Nf6 7. Bd3 Qc7 8. f4
Nxd4 9. Bxd4 Qxf4 10. Qe2 Bd6 11. Rf1 Qg4 12. Qf2 Qg5 13. g4 Be5 14. Bxe5 Qxe5
15. h4 h6 16. O-O-O d6 17. Rg1 Nd7 18. Rdf1 Qf6 19. Qe1 Qe7 20. g5 Ne5 21. gxh6
gxh6 22. Rg7 Bd7 23. Qf2 Bc6 24. Ne2 Kd7 25. Nf4 Raf8 26. Nh5 Kc7 27. Nf6 Kb8
28. Qd4 Qc7 29. Kb1 Bb5 30. a4 Bxd3 31. cxd3 Rc8 32. Ka2 Rhd8 33. Ng4 Rg8 34.
Nxe5 Rxg7 35. Nc4 e5 36. Qxd6 Qxd6 37. Nxd6 Rd8 38. Rxf7 Rxf7 39. Nxf7 Rxd3 40.
Nxh6 Rd4 0-1

[Event "M.Chigorin Memorial 2014"]
[Site "St. Petersburg"]
[Date "2014.10.25"]
[Round "8.17"]
[White "Savchenko, Boris"]
[Black "Paravyan, David"]
[Result "1/2-1/2"]
[WhiteElo "2608"]
[BlackElo "2424"]
[PlyCount "83"]
[EventDate "2014.10.18"]
[EventType "swiss"]
[EventCountry "RUS"]

1. d4 d5 2. c4 e6 3. Nc3 a6 4. cxd5 exd5 5. Nf3 c6 6. Qc2 Bd6 7. h3 Ne7 8. e4
dxe4 9. Nxe4 Bb4+ 10. Nc3 Bf5 11. Qb3 Nd5 12. Bc4 Bxc3+ 13. bxc3 b5 14. Bxd5
Qxd5 15. Ba3 f6 16. O-O Kf7 17. Rfe1 Be6 18. c4 Qxc4 19. Qxc4 bxc4 20. Rab1 Rd8
21. Nd2 Rd7 22. Ne4 Bf5 23. Rbc1 Bxe4 24. Rxe4 Raa7 25. Rxc4 Rab7 26. Ra4 Rb5
27. Re3 a5 28. Rc3 Na6 29. Rxc6 Nb4 30. Bxb4 axb4 31. Rc4 b3 32. axb3 Rxb3 33.
Rab4 Rd3 34. Kf1 Re7 35. g3 Rd2 36. Rc5 Rd7 37. Rh5 R2xd4 38. Rxd4 Rxd4 39.
Rxh7 f5 40. Rh8 g6 41. Ra8 g5 42. Ke2 1/2-1/2

[Event "M.Chigorin Memorial 2014"]
[Site "St. Petersburg"]
[Date "2014.10.25"]
[Round "8.18"]
[White "Gevorgyan, David"]
[Black "Volkov, Sergey"]
[Result "1/2-1/2"]
[WhiteElo "2382"]
[BlackElo "2599"]
[PlyCount "83"]
[EventDate "2014.10.18"]
[EventType "swiss"]
[EventCountry "RUS"]

1. d4 d5 2. c4 c6 3. Nf3 Nf6 4. Nc3 a6 5. c5 Nbd7 6. Bf4 Nh5 7. Bg5 h6 8. Bd2
Nhf6 9. Qc2 g6 10. g3 Bg7 11. Bg2 O-O 12. O-O Re8 13. Rad1 a5 14. h3 Nh7 15. g4
Nhf8 16. Bf4 Ne6 17. Bg3 b6 18. e4 Bb7 19. cxb6 Qxb6 20. Qd2 dxe4 21. Nxe4 c5
22. d5 Nd4 23. Nxd4 cxd4 24. g5 hxg5 25. Nxg5 Nf6 26. Qxd4 Qxd4 27. Rxd4 Nh7
28. Nf3 Bxd4 29. Nxd4 Nf6 30. Nc6 Ra6 31. Rc1 a4 32. Bc7 Kf8 33. Rc3 Rc8 34. d6
Bxc6 35. Bxc6 exd6 36. Bb7 Rxc7 37. Rxc7 Rb6 38. Bc6 Rxb2 39. Bxa4 Nd5 40. Rc8+
Kg7 41. Rc2 Rb8 42. Kg2 1/2-1/2

[Event "M.Chigorin Memorial 2014"]
[Site "St. Petersburg"]
[Date "2014.10.25"]
[Round "8.19"]
[White "Zubritskiy, Artyom"]
[Black "Timofeev, Artyom"]
[Result "1/2-1/2"]
[WhiteElo "2360"]
[BlackElo "2598"]
[PlyCount "159"]
[EventDate "2014.10.18"]
[EventType "swiss"]
[EventCountry "RUS"]

1. d4 d5 2. c4 e6 3. Nf3 c6 4. Qc2 Nf6 5. g3 dxc4 6. Qxc4 b5 7. Qc2 Bb7 8. Bg2
Nbd7 9. O-O c5 10. Rd1 Rc8 11. Bg5 Be7 12. Qb3 a6 13. dxc5 Rxc5 14. Bxf6 Bxf6
15. Ne5 Bxe5 16. Bxb7 Qc7 17. Bg2 O-O 18. Nd2 Nb6 19. Ne4 Rc4 20. f4 Bd4+ 21.
e3 Bf6 22. Rd2 Be7 23. Rad1 Rb4 24. Qc2 Qa7 25. a3 Rc4 26. Qb3 Rc7 27. Rd3 Nc4
28. Kh1 h6 29. Nd2 Bf6 30. Rb1 g6 31. Nf3 Kg7 32. h3 e5 33. Nd2 exf4 34. exf4
Kg8 35. Ne4 Bg7 36. Qb4 Ne3 37. Qd2 Nxg2 38. Qxg2 Rd7 39. Rbd1 Rfd8 40. Nc5
Rxd3 41. Rxd3 Rxd3 42. Nxd3 Qe3 43. Ne5 Bxe5 44. fxe5 Qxe5 45. Qa8+ Kg7 46.
Qxa6 Qxb2 47. Qd6 Qf6 48. Qc5 Qf5 49. Qc3+ Qf6 50. Qc5 Qb2 51. Qd6 h5 52. h4
Qf6 53. Qc5 Qf1+ 54. Kh2 Qe2+ 55. Kg1 Kf6 56. Qc6+ Ke7 57. Qc7+ Kf8 58. Qd6+
Kg8 59. Qc5 Qf3 60. Kh2 Qf5 61. Qd6 Qf2+ 62. Kh1 Kh7 63. Qf8 Qe1+ 64. Kh2 Qe2+
65. Kg1 Qe6 66. Kh2 f6 67. Qc5 Qe2+ 68. Kh1 Qe5 69. Qf8 Qe6 70. Kh2 g5 71. hxg5
fxg5 72. Qc5 Qe2+ 73. Kg1 Kg6 74. Qd6+ Kf5 75. Qd7+ Kf6 76. Qc6+ Kf5 77. Qd7+
Qe6 78. g4+ hxg4 79. Qxb5+ Qe5 80. Qxe5+ 1/2-1/2

[Event "M.Chigorin Memorial 2014"]
[Site "St. Petersburg"]
[Date "2014.10.25"]
[Round "8.20"]
[White "Polyaninov, Aleksey"]
[Black "Bernadskiy, Vitaliy"]
[Result "0-1"]
[WhiteElo "2295"]
[BlackElo "2558"]
[PlyCount "80"]
[EventDate "2014.10.18"]
[EventType "swiss"]
[EventCountry "RUS"]

1. d4 f5 2. Qd3 d6 3. Nc3 Nc6 4. Nf3 d5 5. Bf4 a6 6. Ne5 Nf6 7. Nxc6 bxc6 8. f3
e6 9. Na4 Bd6 10. e3 O-O 11. Be2 Nd7 12. Qc3 Bb7 13. b4 Qe7 14. Rb1 e5 15. dxe5
Nxe5 16. Nc5 Bc8 17. O-O a5 18. a3 axb4 19. axb4 Ng6 20. Bxd6 cxd6 21. Nb3 Bd7
22. Rfe1 Rab8 23. Qd2 Kh8 24. Bf1 Rfc8 25. c3 Ne5 26. Rbd1 c5 27. e4 fxe4 28.
fxe4 Ba4 29. Rb1 dxe4 30. Rxe4 Qe6 31. Nxc5 dxc5 32. Qe3 Qg6 33. Ra1 Ng4 34.
Rxg4 Qxg4 35. Rxa4 Qd1 36. Ra2 cxb4 37. cxb4 Rxb4 38. Rd2 Qh5 39. Be2 Rb1+ 40.
Kf2 Qxh2 0-1

[Event "M.Chigorin Memorial 2014"]
[Site "St. Petersburg"]
[Date "2014.10.25"]
[Round "8.21"]
[White "Rozum, Ivan"]
[Black "Wallace, John Paul"]
[Result "1-0"]
[WhiteElo "2551"]
[BlackElo "2408"]
[PlyCount "83"]
[EventDate "2014.10.18"]
[EventType "swiss"]
[EventCountry "RUS"]

1. d4 Nf6 2. c4 g6 3. g3 Bg7 4. Bg2 O-O 5. Nc3 d6 6. Nf3 c6 7. O-O Bf5 8. b3
Ne4 9. Bb2 Nxc3 10. Bxc3 Be4 11. Qd2 Nd7 12. Qe3 d5 13. Bh3 Nb6 14. Nd2 Bf5 15.
Bxf5 gxf5 16. Rac1 c5 17. Nf3 dxc4 18. bxc4 Nxc4 19. Qd3 cxd4 20. Nxd4 Bxd4 21.
Bxd4 b5 22. Rfd1 Qc8 23. e4 e5 24. Bc3 fxe4 25. Qxe4 Qe6 26. Rd5 a6 27. Rcd1
Rac8 28. Qh4 Rfe8 29. Rd7 Qf5 30. Bb4 a5 31. Be7 e4 32. R7d5 Ne5 33. Rxe5 Qxe5
34. Bf6 Qf5 35. Rd5 Qg6 36. Rg5 e3 37. Qh6 exf2+ 38. Kxf2 Rc2+ 39. Kf3 Rc7 40.
Qg7+ Qxg7 41. Rxg7+ Kf8 42. Rxh7 1-0

[Event "M.Chigorin Memorial 2014"]
[Site "St. Petersburg"]
[Date "2014.10.25"]
[Round "8.22"]
[White "Tukhaev, Adam"]
[Black "Akkozov, Berik"]
[Result "1-0"]
[WhiteElo "2551"]
[BlackElo "2361"]
[PlyCount "89"]
[EventDate "2014.10.18"]
[EventType "swiss"]
[EventCountry "RUS"]

1. e4 c5 2. Nf3 d6 3. d4 cxd4 4. Nxd4 Nf6 5. Nc3 a6 6. Be3 Ng4 7. Bg5 h6 8. Bh4
g5 9. Bg3 Bg7 10. h3 Nf6 11. Bc4 Qb6 12. O-O Nc6 13. Nxc6 Qxc6 14. Bb3 g4 15.
hxg4 Qc5 16. Nd5 Nxd5 17. Bxd5 Bxb2 18. Rb1 Bf6 19. Qf3 Rb8 20. Rfe1 Be6 21. c4
Bxd5 22. exd5 Kf8 23. Re4 Rg8 24. Bf4 Rg6 25. Be3 Qc8 26. Rb6 Qc7 27. Qd1 Kg7
28. g3 Qd7 29. Kg2 Rh8 30. a4 Rc8 31. a5 Kg8 32. Qe2 Rc7 33. Bd4 Bxd4 34. Rxd4
Qa4 35. Re4 Qxa5 36. Rb3 Qc5 37. Rbe3 b5 38. Rxe7 Rxe7 39. Rxe7 bxc4 40. Qf3 f6
41. Qf5 Rg7 42. Re8+ Kf7 43. Rh8 Qb5 44. Qe6+ Kg6 45. Rf8 1-0

[Event "M.Chigorin Memorial 2014"]
[Site "St. Petersburg"]
[Date "2014.10.25"]
[Round "8.23"]
[White "Solovyov, Viktor"]
[Black "Zontakh, Andrey"]
[Result "1/2-1/2"]
[WhiteElo "2266"]
[BlackElo "2539"]
[PlyCount "81"]
[EventDate "2014.10.18"]
[EventType "swiss"]
[EventCountry "RUS"]

1. Nf3 Nf6 2. c4 e6 3. g3 b6 4. Bg2 Bb7 5. O-O Be7 6. Nc3 O-O 7. d4 Ne4 8. Nxe4
Bxe4 9. Ne1 d5 10. Qa4 Qd7 11. Qxd7 Nxd7 12. cxd5 exd5 13. Be3 c5 14. dxc5 Bxg2
15. Nxg2 bxc5 16. Rfd1 d4 17. Bd2 Rfb8 18. b3 a5 19. e3 a4 20. exd4 cxd4 21.
Bf4 Rb7 22. h4 f6 23. Rac1 axb3 24. axb3 Nc5 25. Rxd4 Nxb3 26. Rb1 Nxd4 27.
Rxb7 Bc5 28. Rb8+ Rxb8 29. Bxb8 Kf7 30. Bf4 Ke6 31. Be3 Nf3+ 32. Kf1 Bxe3 33.
Nxe3 Ke5 34. Kg2 Nd2 35. Nc2 f5 36. f3 h5 37. Ne1 Kd4 38. Kf2 Nb3 39. Ng2 Nc5
40. Kf1 Nd3 41. Ke2 1/2-1/2

[Event "M.Chigorin Memorial 2014"]
[Site "St. Petersburg"]
[Date "2014.10.25"]
[Round "8.24"]
[White "Siagodnik, Anton"]
[Black "Demidov, Mikhail"]
[Result "0-1"]
[WhiteElo "2208"]
[BlackElo "2516"]
[PlyCount "120"]
[EventDate "2014.10.18"]
[EventType "swiss"]
[EventCountry "RUS"]

1. d4 d5 2. Nf3 Nf6 3. g3 e6 4. Bg2 c5 5. O-O Nc6 6. c4 cxd4 7. Nxd4 Bc5 8. Nb3
Be7 9. cxd5 Nxd5 10. Nc3 Nxc3 11. bxc3 O-O 12. Nd4 Na5 13. Qc2 Qc7 14. Rb1 Bd7
15. Nb5 Qc4 16. Qd3 Qxd3 17. exd3 Bc6 18. Ba3 Bxa3 19. Nxa3 Bxg2 20. Kxg2 Rfd8
21. Rfd1 Rac8 22. Nc4 Nxc4 23. dxc4 Rxd1 24. Rxd1 Kf8 25. Rd7 Rxc4 26. Rxb7 a5
27. Rb3 Ra4 28. Rb2 Ke7 29. Kf3 Ra3 30. Rc2 Kd6 31. Ke4 Kc5 32. Kd3 e5 33. Rb2
f5 34. f3 g6 35. Re2 Kd5 36. Rd2 g5 37. Rc2 h5 38. Rb2 e4+ 39. fxe4+ fxe4+ 40.
Kd2 Kc4 41. Ke3 Kxc3 42. Rf2 Ra4 43. Rf5 Rxa2 44. Rxg5 a4 45. Rxh5 a3 46. Ra5
Ra1 47. Kxe4 a2 48. g4 Kb4 49. Ra8 Kc5 50. g5 Kd6 51. g6 Re1+ 52. Kf5 Rf1+ 53.
Kg5 a1=Q 54. Rxa1 Rxa1 55. Kf6 Rf1+ 56. Kg7 Ke7 57. h4 Rh1 58. Kg8 Rxh4 59. g7
Rg4 60. Kh7 Kf7 0-1